Paroles Mon papa à moi est un gangster-Stomy Bugsy - Statistiques

Statistiques générales
  • Ce quiz a été pris 40 fois
  • Le résultat moyen est 192 sur 435
Statistiques - réponses
Réponse % Correct
à
100%
a
100%
moi
97%
papa
97%
un
97%
es
94%
Mon
94%
est
91%
gangster
91%
Il
88%
il
88%
du
85%
fait
79%
le
76%
Le
76%
par
76%
de
74%
De
74%
ministère
74%
parti
74%
amer
71%
ma
71%
me
68%
et
65%
Et
65%
la
65%
les
65%
Les
65%
ce
62%
Dés
62%
des
62%
que
62%
se
62%
tu
62%
Tu
62%
ces
59%
c'est
59%
C'est
59%
Je
59%
ne
56%
Ne
56%
pas
56%
Pas
56%
Sa
56%
sur
56%
sûr
56%
Sur
56%
ton
56%
une
56%
dit
53%
plus
53%
quand
53%
Quand
53%
Qui
53%
qui
53%
ses
53%
ça
50%
Comme
50%
comme
50%
en
50%
si
50%
Si
50%
ta
50%
te
50%
Avec
47%
Mais
47%
mais
47%
toi
47%
tout
47%
Tout
47%
Aux
44%
dis
44%
tous
44%
Elles
41%
elles
41%
maman
41%
pour
41%
qu'il
41%
fort
38%
l'école
38%
lui
38%
mes
38%
on
38%
père
38%
son
38%
vie
38%
leurs
35%
sais
35%
dur
32%
grand
32%
même
32%
veut
32%
y
32%
bien
29%
Fils
29%
jamais
29%
matin
29%
peut
29%
suis
29%
beaucoup
26%
Comment
26%
d'un
26%
d'une
26%
était
26%
fois
26%
meilleur
26%
pères
26%
petite
26%
pin-pon
26%
travaille
26%
va
26%
vrai
26%
amie
24%
cherché
24%
chercher
24%
donne
24%
droit
24%
entend
24%
heure
24%
lèvres
24%
mamans
24%
nuit
24%
oui
24%
recherché
24%
rouge
24%
Sorti
24%
toujours
24%
toutes
24%
ambiance
21%
a-t-il
21%
A-t-il
21%
aura
21%
billets
21%
certain
21%
enfants
21%
eux
21%
fiancée
21%
heures
21%
m'amène
21%
nouvelle
21%
quatre
21%
revolver
21%
style
21%
stylé
21%
tôt
21%
viendra
21%
agitées
18%
bons
18%
chaque
18%
clins
18%
côtés
18%
demie
18%
deux
18%
diront
18%
d'oeil
18%
dure
18%
Fatigué
18%
folle
18%
habits
18%
haha
18%
mater
18%
moins
18%
n'arrête
18%
papounets
18%
pleure
18%
pourquoi
18%
Puis
18%
seconde
18%
s'évapore
18%
soirées
18%
accompagnant
15%
arme
15%
armé
15%
bébé
15%
Bébé
15%
Entre
15%
épatant
15%
film
15%
font
15%
oeil
15%
savoir
15%
seul
15%
studio
15%
super-héros
15%
besoin
12%
comprendras
12%
conseils
12%
d'affranchi
12%
fiston
12%
gangsters
12%
grand-mère
12%
gronde
12%
l'oublie
12%
maternelle
12%
n'arrêtent
12%
quelqu'un
12%
ramène
12%
semaine
12%
Souvent
12%
vérité
12%
vieux
12%
belle-mère
9%
bonbons
9%
camarade
9%
chemin
9%
crochet
9%
dames
9%
détracteurs
9%
droite
9%
fusils
9%
gâteaux
9%
gauche
9%
l'artiste
9%
l'ascenseur
9%
Maintenant
9%
moment
9%
mystère
9%
questions
9%
respecte
9%
respecter
9%
seulement
9%
Uzis
9%
attraper
6%
aussi
6%
barreaux
6%
blessé
6%
Choisis
6%
dangereux
6%
derrière
6%
devant
6%
d'la
6%
fuit
6%
journaux
6%
lapins
6%
lequel
6%
magnums
6%
m'influence
6%
m'offre
6%
oh
6%
os
6%
pareil
6%
placer
6%
rappeur
6%
rembobine
6%
Retiens
6%
t'écraser
6%
tête
6%
tribunaux
6%
y'a
6%
Y'en
6%
continueront
3%
Dis-leur
3%
empaf
3%
flah
3%
guide
3%
Juste
3%
laisse
3%
lal-bi
3%
martèlent
3%
t'énerver
3%
v'lan
3%
Aucun quiz correspondant
Distribution des résultats
% des personnes avec chaque résultat
Percentile par nombre de réponses
Votre historique - résultats
Vous n’avez pas pris ce quiz